00379nam a2200085Ia 4500008004100000245007800041260000900119300014400128650002100272180130s9999 xx 000 0 und d cMcKelvey, Maureen; Lassen, Astrid HeidemannaFurther developing the ideas c2013 aBook title: How entrepreneurs do what they do : case studies in knowledge intensive entrepreneurship--Acession number C17365; pages 205-208 aENTREPRENEURSHIP